Rôles de Wolvesville par Images - 4 - Statistiques

Statistiques générales
  • Ce quiz a été pris 12 fois
  • Le résultat moyen est 15 sur 16
Statistiques - réponses
Par images Réponse % Correct
Cupidon
100%
Docteur
100%
Garde du Corps
100%
Loup-Chaman
100%
Loup-Devin
100%
Loup Pacifiste
100%
Pacifiste
100%
Père Noël
100%
Prêtre
100%
Pyromane
100%
Voyante d'Aura
100%
Bandit
89%
Loup-Vaudou
89%
Analyste
78%
Loup-Invocateur
78%
Réfractaire
78%
Aucun quiz correspondant
Distribution des résultats
% des personnes avec chaque résultat
Percentile par nombre de réponses
Votre historique - résultats
Vous n’avez pas pris ce quiz